000
00218 a2200097 4500
020
_a
9780385340991
041
_a
eng
100
_a
Shaffer, Mary ann
245
_a
The guernsey literary and potato peel pie society
942
_c
BK
999
_c
39
_d
39